000 00674nam a2200205Ia 4500
001 13161
003 GE_BSU
008 181216s||||||||xx |||||||||||||| ||und||
040 _cGE_BSU
080 _a631.4
100 _aВигнер,Г.
245 _aИзбранные работы:Физико-химичесие исследования почв.
245 _cРед.Антипова-Коротаева И.Н.
260 _aМосква
260 _bОгиз-сельхозгиз
260 _c1941
300 _a312стр.27см.илл.
653 _aИзбранные работы:Физико-химичесие исследования почв
942 _cBK
999 _c46325
_d46325